00466nam a2200157 a 450000100060000000300090000600800410001504000280005608200160008410000300010024500670013026000420019730000110023965000260025065000320027615408CO-ViMGA141112s2004 ck r 000 u spa d aCO-ViMGAbspacCO-ViMGA04a323.4 D333o1 aDefensoría del pueblo, 10aOctavo informe del defensor del pueblo al Congreso de Colombia aBogotá, cImprenta Nacional, c2001 a409.p.14aDEFENSORIA DEL PUEBLO14aDERECHOS CIVILES - COLOMBIA